Türkiye nüfus ve sağlık araştırması 1998 (Record no. 1732)

MARC details
000 -BAŞLIK
Sabit Uzunlukta Kontrol Alanı 00804na a2200229 4500
001 - KONTROL NUMARASI
Denetim Alanı 13734
003 - KONTROL NUMARASI IDENTIFIER
Denetim Alanı MIRAKIL
005 - SON İŞLEM TARİHİ VE ZAMANI
Denetim Alanı 20181213154832.0
008 - SABİT-BOY VERİ ELEMANLARI - GENEL BİLGİLER
Sabit Uzunlukta Kontrol Alanı 161108b tu 000 0
035 ## - SİSTEM KONTROL NUMARASI
Sistem Kontrol Numarası 13734
040 ## - KATALOGLAMA KAYNAK
Orijinal Kataloglama Ajansı Milas
Kataloglama Dili tur
Metne Dönüştürmek Ajansı TR-AnCHP
041 ## - DİL KODU
Metin / Ses Parça Veya Ayrı Başlığın Dil Kodu tur
082 ## - DEWEY ONLU SINIFLANDIRMA NUMARASI
Sınıflandırma Numarası 363.9
Ürün Numarası T96 1999
090 ## - SINIFLAMA NUMARASI
Sınıflama Numarası 363.9 T96 1999
245 ## - BAŞLIK TABLOSU
Başlık Türkiye nüfus ve sağlık araştırması 1998
Sorumluluk Tablosu, Vb Hacettepe Üniversitesi Nüfus Etütleri Enstitüsü, Demographic and Health Surveys (Measure/DHS+) Macro International Inc.
260 ## - YAYIN, DAĞITIM, VB
Yayın, Dağıtım, Vb Yeri Ankara
Yayıncı, Dağıtıcı, Vs Adı Hacettepe Üniversitesi Nüfus Etütleri Enstitüsü
Yayın, Dağıtım, Vb Tarihi 1999
300 ## - FİZİKSEL TANIM
Kapsam 338 s.
Diğer Fiziksel Ayrıntıları tbl.;
Boyutlar 28 sm. + 1 ktl. poster
650 ## - KONU KATMA GİRİŞ - TOPİKAL DÖNEM
Topikal Süreli Veya Coğrafi Ad Giriş Elemanı Sosyo ekonomik göstergeler
Coğrafi Alt Bölümü Türkiye
650 ## - KONU KATMA GİRİŞ - TOPİKAL DÖNEM
Topikal Süreli Veya Coğrafi Ad Giriş Elemanı Halk sağlığı
650 ## - KONU KATMA GİRİŞ - TOPİKAL DÖNEM
Topikal Süreli Veya Coğrafi Ad Giriş Elemanı Nüfus araştırmaları
Genel Alt Bölümü Türkiye
942 ## - EKLENDİ GİRİŞ ELEMANLARI (KOHA)
Sınıflandırma Veya Raf Düzeni Kaynak Dewey Decimal Classification
Koha Öğesi Türü Books
999 ## - SİSTEM KONTROL NUMARALARI (KOHA)
Koha Biblionumber 1732
Koha Biblioitemnumber 1732
Holdings
Kalıcı Konum Mevcut Konum Edinme Tarihi Edinim Kaynak Toplam Check-Out'Lar Tam Çağrı Numarası Barkod Tarih Son Görülme İtibaren Geçerli Fiyatlar Koha Öğesi Türü Kopya Sayısı
CHP Kütüphanesi CHP Kütüphanesi 08/16/2016 Bağış   363.9 T96 1999 001042 08/16/2016 08/16/2016 Books  
CHP Kütüphanesi CHP Kütüphanesi 10/25/2016 Bağış   363.9 T96 1999 007187 10/25/2016 10/25/2016 Books k.2